000 00539nam a2200217Ia 4500
003 OSt
005 20220928145618.0
006 a|||||r|||| 00| 0
007 ta
008 220927b |||||||| |||| 00| 0 eng d
024 _a81525
037 _cTextual
040 _aSDCL
_cSDCL
_beng
041 _2eng
_aeng
082 _aO-,1L72:g, L5
100 _aBerkoben L D
_9513722
245 0 _aColeridge's decline as a poet.
260 _c1975
942 _hO-,1L72:g, L5
_cTEXL
_2CC
999 _c834375
_d834375